| 000 | 00725nam a22001337a 4500 | ||
|---|---|---|---|
| 040 | _cRUA | ||
| 082 | _aLMA HEN 2024 B1-398 Or.1 | ||
| 100 | _aHENG TONG ហេង តុង | ||
| 245 | _aCREATING SYMBOLS AND STYLES IN GROGRAPHIC INFORMATION SYSTEM (GIS) USING ArcGIS Pro ការបង្កើតនិមិត្តសញ្ញា (Symbols) និង Styles នៅក្នុងប្រព័ន្ធព័ត៌មានភូមិសាស្ត្រ (GIS) ដោយប្រើប្រាស់កម្មវិធី ArcGIS Pro | ||
| 260 |
_aRUA _bPHNOM PENH _c2024 |
||
| 300 |
_ax _bill _c29cm |
||
| 856 | _uhttps://drive.google.com/file/d/1Ri_ON2tizKVRqOScpu46luhubzCER_qO/view?usp=sharing | ||
| 942 | _cLMA | ||
| 999 |
_c24931 _d24931 |
||